Score 0/14 Timer 04:00
7 Plays Today
Hint Word % Correct
An adult male goosegander
96.7%
To move about without a fixed course, aim, or goalwander
92.2%
The utterance of false charges or misrepresentations which damage another's reputationslander
90.1%
Minute scales from hair, feathers, or skin that may be allergenicdander
83.8%
A perforated utensil for washing or draining foodcolander
82.6%
A winding path or coursemeander
80.2%
One in an official position of control or a naval or air force ranking officercommander
78%
Hint Word % Correct
One who is present but not taking part in a situation or eventbystander
69.7%
An herb that is also called Chinese parsley or cilantrocoriander
66.8%
To spend extravagantly or foolishlysquander
59.6%
To divide an area into political units to give special advantages to one groupgerrymander
57.4%
Cocktail made from crème de cacao, sweet cream, and brandy, with a man's namealexander
51.8%
To have casual or illicit sex with womenphilander
45.8%
A poisonous evergreen shrub with white or pink flowersoleander
43%
Remove Ads.
Support Sporcle.
Get the best of Sporcle when you Go Orange. This ad-free experience offers more features, more stats, and more fun while also helping to support Sporcle. Thank you for becoming a member.

You're not logged in!

Compare scores with friends on all Sporcle quizzes.
OR
Log In

Show Comments

Extras

Top Quizzes Today


Score Distribution

Your Account Isn't Verified!

In order to create a playlist on Sporcle, you need to verify the email address you used during registration. Go to your Sporcle Settings to finish the process.

Report this User

Report this user for behavior that violates our Community Guidelines.

Details: